Capitals Without the Letters of “Lomé” - Statistics

General Stats
  • This quiz has been taken 2 times
  • The average score is 12 of 37
Answer Stats
Continents Capitals % Correct
Oceania Apia
100%
Oceania Funafuti
100%
North America Havana
100%
Europe Paris
100%
Africa Addis Ababa
50%
Asia Ankara
50%
Asia Baghdad
50%
Africa Bangui
50%
South America Caracas
50%
Africa Dakar
50%
Asia Jakarta
50%
Asia Kuwait City
50%
Africa Praia
50%
Europe Pristina
50%
Africa Rabat
50%
Europe Riga
50%
Oceania Suva
50%
Europe Tirana
50%
Africa Tunis
50%
Europe Warsaw
50%
Asia Abu Dhabi
0%
Africa Abuja
0%
Africa Accra
0%
Asia Ashgabat
0%
Asia Astana
0%
Asia Baku
0%
Africa Bissau
0%
Europe Chisinau
0%
Asia Dhaka
0%
Africa Juba
0%
Africa Kinshasa
0%
North America Nassau
0%
Asia Naypyidaw
0%
Asia Riyadh
0%
Asia Sanaa
0%
Europe Vaduz
0%
Europe Vatican City
0%
No matching quizzes found
Score Distribution
Percent of People with Each Score
Percentile by Number Answered
Your Score History
You have not taken this quiz